A los electores del distrito de Toledo, sobre la nulidad del acta de Javier de Mendoza y Morán. (Record no. 159406)

MARC details
000 -LEADER
campo de control de longitud fija 00603nam a2200157 i 4500
001 - NÚMERO DE CONTROL
campo de control 159406
003 - IDENTIFICADOR DE NÚMERO DE CONTROL
campo de control ES-MaACL
005 - FECHA Y HORA DE LA ÚLTIMA TRANSACCIÓN
campo de control 20230906211602.0
008 - DATOS DE LONGITUD FIJA--INFORMACIÓN GENERAL
campo de control de longitud fija 040908s1873 sp |||| | spa d
040 ## - FUENTE DE CATALOGACIÓN
Centro catalogador/agencia de origen CAM
Lengua de catalogación spa
Centro/agencia transcriptor CAM
100 1# - ENTRADA PRINCIPAL--NOMBRE DE PERSONA
Nombre de persona Mendoza y Morán, Javier de.
9 (RLIN) 129827
245 10 - MENCIÓN DEL TÍTULO
Título A los electores del distrito de Toledo, sobre la nulidad del acta de Javier de Mendoza y Morán.
260 ## - PUBLICACIÓN, DISTRIBUCIÓN, ETC.
Lugar de publicación, distribución, etc. Madrid :
Nombre del editor, distribuidor, etc. [s.n.],
Fecha de publicación, distribución, etc. 1873 (
Fabricante Imprenta de Gregorio García León)
300 ## - DESCRIPCIÓN FÍSICA
Extensión 23 p. ;
Dimensiones 18 cm.
852 ## - LOCALIZACIÓN
Ubicación ES-MaACL
Número de control de estantería T-160-F-3
Nota libre -- Enc. hol.
condición física -- Falto de la cub. original
Nota libre -- Enc. en un vol. facticio
Holdings
Estatus retirado Estado de pérdida Estado de daño No para préstamo Colección Biblioteca de origen Biblioteca actual Ubicación en estantería Fecha de adquisición Total de préstamos Signatura topográfica completa Código de barras Visto por última vez Precio de reemplazo Tipo de ítem Koha
        Colección de folletos Biblioteca del Ateneo de Madrid Biblioteca del Ateneo de Madrid Depósito folletos 17/01/2008   T-160-F-3 1166877 23/02/2023 23/02/2023 Folleto